Frente a las vacaciones /
Colección:
San Jorge,
; núm. 19 (juliol 1955), pàg. 6-7
Materias:
Vacances
Idioma:
Español
MARC
| LEADER | 00000naa a2200000 a 4500 | ||
|---|---|---|---|
| 003 | Arxiu | ||
| 005 | 20260324181031.0 | ||
| 008 | 160829s1955 spcaxx s spa c | ||
| 040 | |a AGDB | ||
| 100 | 1 | |a Espinàs, Josep M., |d 1927-2023 |e autor |9 28496 | |
| 245 | 1 | 0 | |a Frente a las vacaciones / |c José M.ª Espinás |
| 490 | |a San Jorge, |v núm. 19 (juliol 1955), pàg. 6-7 | ||
| 650 | |a Vacances |9 29237 | ||
| 773 | |g Núm. 19 (juliol 1955), pàg. 6-7 |t San Jorge. | ||
| 901 | |a Arxiu | ||
| 942 | |n 1 |2 udc |c ART | ||
| 952 | |0 0 |1 0 |4 0 |6 REV510 |7 1 |9 65186 |a Arxiu |b Arxiu |d 2023-02-01 |l 0 |o Rev-510 |r 2023-02-01 00:00:00 |w 2023-02-01 |y ARXIU |z També disponible a Rev-524 | ||
| 999 | |c 47742 |d 47742 | ||